Welcome to the Holygrace Academy Library

Please use search bar below to get started

MORE 20 MINUTE TALES (Record no. 7256)

MARC details
000 -LEADER
fixed length control field 00281nam a22001217a 4500
082 ## - DEWEY DECIMAL CLASSIFICATION NUMBER
Classification number 823
Item number BLY/M
100 ## - MAIN ENTRY--AUTHOR NAME
Personal name BLYTON, ENID
245 ## - TITLE STATEMENT
Title MORE 20 MINUTE TALES
260 ## - PUBLICATION, DISTRIBUTION, ETC. (IMPRINT)
Place of publication NEW YORK
Name of publisher DRAGON GRANEDA PUB
Year of publication 1978
300 ## - PHYSICAL DESCRIPTION
Number of Pages 110
650 ## - SUBJECT ADDED ENTRY--TOPICAL TERM
Topical Term ENGLISH STORY
Geographic subdivision UNITED STATES
942 ## - ADDED ENTRY ELEMENTS (KOHA)
Koha item type Books
Holdings
Withdrawn status Lost status Collection code Home library Current library Date acquired Source of acquisition Cost, normal purchase price Full call number Accession Number Koha item type
Withdrawn Damaged Item Fiction Main Library Main Library 12/02/2005 purchase 1.75 823 BLY/M 00093 Books